Országos vásar
Správa o úspešnom krajinskom kvetinovom jarmoku, ktorý sa uskutočnil v Humennom 17. 03. 1909. Šiatrová časť jarmoku (kirakó vásar) už nebola natoľko úspešná.
| Médium: | Článok |
|---|---|
| Jazyk: | Hungarian |
| Témy: | |
| Zdroj: |
1. Homonna és Vidéke : Vegyes tartalmu társadalmi, közművelődési, szépirodalmi és közgazdasági hetilap 1. Roč. 9, č. 12 (18.03.1909) s. 3 |
| LEADER | 00967nab#a2200301#ar4500 | ||
|---|---|---|---|
| 001 | 000068513 | ||
| 003 | SVKKK | ||
| 005 | 19991020xxxxxxx. | ||
| 008 | 06 c xo huno | ||
| FMT | |||
| 038 | |a SVKKK | ||
| 040 | |a SVKKK |b slo |e AACR2 | ||
| 041 | 0 | |a hun | |
| 044 | |a xo |c SK | ||
| 080 | |a 394.6 | ||
| 242 | 1 | 0 | |a Krajinský jarmok |
| 245 | 0 | 0 | |a Országos vásar |
| 500 | |a mikrofilm | ||
| 520 | 2 | |a Správa o úspešnom krajinskom kvetinovom jarmoku, ktorý sa uskutočnil v Humennom 17. 03. 1909. Šiatrová časť jarmoku (kirakó vásar) už nebola natoľko úspešná. | |
| 650 | 0 | 4 | |a jarmoky - kvetinový krajinský jarmok - Humenné - 17.03.1909 - správy |
| 773 | 0 | |t Homonna és Vidéke : Vegyes tartalmu társadalmi, közművelődési, szépirodalmi és közgazdasági hetilap |g Roč. 9, č. 12 (18.03.1909) s. 3 | |
| 957 | |a Humenné | ||
| 958 | |a DG | ||
| 958 | |a SK | ||
| 974 | |a Ba |d 19991020 | ||
| 992 | |a RBX | ||
| BAS | |||
| 998 | |a RETRO | ||